|
|
|
|
| LEADER |
00896Cab#a2200241#a#4500 |
| 001 |
000002 |
| 005 |
20191011144813.0 |
| 008 |
000410c1997####ag##################spa#d |
| 040 |
|
|
|a AR-BeUNQ
|
| 099 |
|
|
|a P-AR-PRI1
|
| 100 |
1 |
|
|a Palti, Elías José.
|
| 245 |
0 |
2 |
|a Argentina en el espejo :
|b el "pretexto" Sarmiento /
|c Elías José Palti.
|
| 300 |
|
|
|a p. 13-34
|
| 500 |
|
|
|a En Artículos.
|
| 504 |
|
|
|a Incluye referencias bibliográficas.
|
| 942 |
|
|
|c ANA
|n 0
|
| 600 |
1 |
4 |
|a Sarmiento, Domingo Faustino,
|d 1811-1888.
|
| 650 |
|
7 |
|a Nacionalismo
|2 spines
|
| 650 |
|
7 |
|a Liberalismo
|2 spines
|
| 650 |
|
7 |
|a Pensamiento
|2 spines
|
| 999 |
|
|
|c 32125
|d 115925
|
| 773 |
0 |
|
|0 26155
|9 219585
|a
|b
|d Bernal : Universidad Nacional de Quilmes.
|o 2089500001
|t Prismas :
|w (AR-BeUNQ)015503
|x 1666-1508
|z
|
| 773 |
0 |
|
|0 26155
|9 219585
|a
|b
|d Bernal : Universidad Nacional de Quilmes.
|o 2089500001
|t Prismas :
|w (AR-BeUNQ)015503
|x 1666-1508
|z
|